Analýza rizík na trhu vládnych dlhopisov s dopadom na bankový sektor dizertačná práca

Gespeichert in:
Bibliographische Detailangaben
1. Verfasser: Gvozdják, Vladimír
Körperschaft: Národohospodárska fakulta EU. Katedra bankovníctva a medzinárodných financií
Weitere Verfasser: Chovancová, Božena
Format: Buch
Sprache:Slowakisch
Veröffentlicht: Bratislava 2017
Schlagworte:
Tags: Tag hinzufügen
Keine Tags, Fügen Sie das erste Tag hinzu!

MARC

LEADER 00000nbm a2200000 4500
001 0234618
005 20230302104102.8
041 0 |a slo 
044 |a SK 
245 1 0 |a Analýza rizík na trhu vládnych dlhopisov s dopadom na bankový sektor  |b dizertačná práca  |c Vladimír Gvozdják ; školiteľ: Božena Chovancová 
264 1 |a Bratislava  |c 2017 
300 |a 133 s. 
610 2 0 |a dlhopisy štátne 
610 2 0 |a trh 
610 2 0 |a riziko 
610 2 0 |a kvantifikácia 
610 2 0 |a banky obchodné 
610 2 0 |a portfólio 
610 2 0 |a kríza finančná 
610 2 0 |a sadzby úrokové 
100 1 |a Gvozdják, Vladimír 
700 1 |a Chovancová, Božena 
710 2 |a Národohospodárska fakulta EU. Katedra bankovníctva a medzinárodných financií